Platforma pre virtuálne laboratórium mechatronických systémov : dátum obhajoby 7.7.2022

Saved in:
Bibliographic Details
Main Author: Matišák, Jakub (Author)
Other Authors: Žáková, Katarína (Thesis advisor)
Format: Manuscript Book
Language:Slovak
Published: Bratislava : STU v Bratislave FEI, 2022
Subjects:
Online Access:https://opac.crzp.sk/?fn=detailBiblioFormChildKM325&sid=378281AEB05FBF717533CBA6EBFA&seo=CRZP-detail-kniha
Tags: Add Tag
No Tags, Be the first to tag this record!

MARC

LEADER 00000ntm a22000003a 4500
001 stuzp71169
003 SK-STU
005 20231106131629.9
007 ta
008 150427s2015----xo-----f-mn---000-0-slo-d
040 |a STU  |b slo 
041 0 |a slo 
044 |a xo 
100 1 |a Matišák, Jakub  |u 030400  |4 aut  |U FEI Fakulta elektrotechniky a informatiky  |T FEI Ústav automobilovej mechatroniky  |X 64208  |U E400  |Y 642  |7 64208 
242 0 1 |a Platform for Virtual Laboratory of Mechatronic Systems  |y eng 
245 1 0 |a Platforma pre virtuálne laboratórium mechatronických systémov :  |b dátum obhajoby 7.7.2022 
260 |a Bratislava :  |b STU v Bratislave FEI,   |c 2022 
300 |a 140 s.,  |b Autoref. 2022, 40 s. 
500 |a Len v elektronickej podobe 
650 4 |a virtuálne laboratórium  |2 slo 
650 4 |a web  |2 slo 
650 4 |a rozšírená realita  |2 slo 
650 4 |a AR  |2 slo 
650 4 |a 3D vizualizácie  |2 slo 
650 4 |a riadenie modelov mechatronických zariadení  |2 slo 
650 4 |a hologram  |2 slo 
650 4 |a virtual laboratory  |2 eng 
650 4 |a augmented reality  |2 eng 
650 4 |a AR  |2 eng 
650 4 |a 3D visualization  |2 eng 
650 4 |a control of mechatronic devices models  |2 eng 
650 4 |a hologram  |2 eng 
650 4 |a web  |2 eng 
700 1 |a Žáková, Katarína  |u 030400  |k Z1  |4 ths  |U FEI Fakulta elektrotechniky a informatiky  |T FEI Ústav automobilovej mechatroniky  |X 4948  |U E400  |Y 642  |7 A000004948 
856 4 |u https://opac.crzp.sk/?fn=detailBiblioFormChildKM325&sid=378281AEB05FBF717533CBA6EBFA&seo=CRZP-detail-kniha